<?xml version="1.0" encoding="UTF-8"?>
<record
    xmlns:xsi="http://www.w3.org/2001/XMLSchema-instance"
    xsi:schemaLocation="http://www.loc.gov/MARC21/slim http://www.loc.gov/standards/marcxml/schema/MARC21slim.xsd"
    xmlns="http://www.loc.gov/MARC21/slim">

  <leader>01959nam a2200229Ia 4500</leader>
  <controlfield tag="001">b6810-48909 </controlfield>
  <controlfield tag="003">IT-MiCISF</controlfield>
  <controlfield tag="005">20250108122834.0</controlfield>
  <controlfield tag="008">161014s9999||||xx |||||||||||||| ||und||</controlfield>
  <datafield tag="040" ind1=" " ind2=" ">
    <subfield code="a">IT-MiCISF</subfield>
    <subfield code="c">IT-MiCISF</subfield>
  </datafield>
  <datafield tag="041" ind1=" " ind2=" ">
    <subfield code="a">it</subfield>
  </datafield>
  <datafield tag="100" ind1=" " ind2=" ">
    <subfield code="a">Mugnaini Daniele (et al.)</subfield>
    <subfield code="9">61334</subfield>
  </datafield>
  <datafield tag="245" ind1=" " ind2="0">
    <subfield code="a">Erosi dai media.</subfield>
    <subfield code="b">Le trappole dell'ipersessualizzazione moderna</subfield>
  </datafield>
  <datafield tag="260" ind1=" " ind2=" ">
    <subfield code="a">Cinisello B. (MI),</subfield>
    <subfield code="b">San Paolo,</subfield>
    <subfield code="c">2011</subfield>
  </datafield>
  <datafield tag="300" ind1=" " ind2=" ">
    <subfield code="a">pp. 167</subfield>
  </datafield>
  <datafield tag="500" ind1=" " ind2=" ">
    <subfield code="a">/ sessualit&#xE0;, massmedia, patologie-sessuali, nuovi-media, dipendenza-patologica, prevenzione / L'allusione sessuale &#xE8; ovunque, il corpo &#xE8; visto sempre pi&#xF9; come oggetto sessuale,la pornografia &#xE8; facilmente accessibile. Su internet, tv, cellulari, riviste e pubblicit&#xE0;, la sessualit&#xE0; inscenata &#xE8; trasgressiva, svincolata dal rapporto d'amore, inappropriata per il pubblico dei pi&#xF9; vulnerabili, soprattutto dei minori. Quali e quanti sono i pericoli nascosti nell'ipersessualizzazione proveniente dalla cultura dominante? Depressioni e ansia, sessismo, impoverimento delle risorse personali e della qualit&#xE0; delle relazioni, nuove dipendenze, assunzione irresponsabile di farmaci, brutalit&#xE0; e perversioni, fino all'abuso sui minori. La cultura diffusa riconosce la posizione centrale della sessualit&#xE0; nella formazione e nelle dinamiche dello psichismo umano. Perch&#xE9;, allora, chi si occupa di educazione, salute personale e sicurezza sociale non si preoccupa quasi per niente, o almeno non esercita alcun potere, per prevenire, limitare, contenere e gestire l'iperstimolazione sessuale e l'oggettificazione della persona? Perch&#xE9; l'intera industria mediatica sembra inondare indisturbata il mondo dei bambini e la societ&#xE0; tutta con quel genere di materiale? Il libro pone questi quesiti e tenta di elaborare risposte adeguate.</subfield>
  </datafield>
  <datafield tag="650" ind1=" " ind2=" ">
    <subfield code="a"> Sessualit&#xE0;</subfield>
    <subfield code="e">005</subfield>
  </datafield>
  <datafield tag="654" ind1=" " ind2=" ">
    <subfield code="a">saggio</subfield>
  </datafield>
  <datafield tag="700" ind1=" " ind2=" ">
    <subfield code="a">Cantelmi T., Lambiase E., Lassi S. </subfield>
    <subfield code="9">61335</subfield>
  </datafield>
  <datafield tag="942" ind1=" " ind2=" ">
    <subfield code="c">BK</subfield>
    <subfield code="2">ddc</subfield>
  </datafield>
  <datafield tag="999" ind1=" " ind2=" ">
    <subfield code="c">210196</subfield>
    <subfield code="d">210196</subfield>
  </datafield>
  <datafield tag="999" ind1=" " ind2=" ">
    <subfield code="b">si</subfield>
  </datafield>
  <datafield tag="952" ind1=" " ind2=" ">
    <subfield code="0">0</subfield>
    <subfield code="1">0</subfield>
    <subfield code="4">0</subfield>
    <subfield code="6">B_681048909</subfield>
    <subfield code="7">1</subfield>
    <subfield code="a">CISF</subfield>
    <subfield code="b">CISF</subfield>
    <subfield code="d">2016-10-14</subfield>
    <subfield code="l">0</subfield>
    <subfield code="o">b6810-48909 </subfield>
    <subfield code="r">2016-10-14 00:00:00</subfield>
    <subfield code="w">2016-10-14</subfield>
    <subfield code="y">BK</subfield>
    <subfield code="z">Data import 15.10.2016 / by Epidotti, Vaglietti</subfield>
  </datafield>
</record>
